Представление документа в формате RUSMARC

ПолеНазваниеЗначение
  Тип записи a
  Библиографический уровень a
001 Контрольный номер RU/CBS_UL/BASE/5036df9f16ff45689132fbbbb98044f3
005 Дата корректировки 20260311143617.3
100 Данные общей обработки __
a Данные общей обработки 20260311 ||| 0rusy0189 ca
101 Язык документа 0_
a Язык текста rus
102 Страна публикации __
a Страна публикации RU
200 Заглавие и сведения об ответственности 1_
a Заглавие Собрать пазл роли
e Сведения, относящиеся к заглавию [об оперной певице Е. Ферзбе, творческий путь которой начинался в Ульяновске]
f Первые сведения об ответственности В. Семёнов
300 Общие примечания __
a Общие примечания Прил. - с. 3. - (Аргументы и факты в Ульяновске)
300 Общие примечания __
a Общие примечания 16+
461 Уровень набора _0
1 2000
a Аргументы и факты
463 Уровень физической единицы _0
1 2000
a № 8 (25 февр.)
1 2101
d 2026
1 001RU/CBS_UL/BASE/0cec561b2e3c4b7c86f090b5655c218f
600 Персоналии _1
a Персоналии (Фамилия) Ферзба
b Персоналии (Имя, инициалы) Е.
606 Тематические рубрики 0_
a Основная рубрика Оперные певицы - Российская Федерация, 21 в.
y Географическая подрубрика Ульяновск, город
610 Ключевые слова 0_
a Ключевые слова певицы, оперные певицы, певицы оперные, российские оперные певицы, колоратурное сопрано, солистки Камерной Большого театра, уроженки Ульяновска
686 Индексы других классификаций __
2 Код системы rubbk
a Классификационный индекс 85.335.41
700 Автор _1
a Фамилия Семёнов
b Имя (инициалы) В.
801 Источник записи _0
a Страна RU
b Организация МБУК ЦБС г. Ульяновска
c Дата составления 20260311
g Правила каталогизации RCR
801 Источник записи _1
a Страна RU
b Организация МБУК ЦБС г. Ульяновска
c Дата составления 20260311
g Правила каталогизации RCR
901 Тип документа __
t Тип документа f
w Контрольный № источника RU/CBS_UL/BASE/0cec561b2e3c4b7c86f090b5655c218f
909 Создатель записи __
a Создатель записи lib1